<?xml version="1.0" encoding="UTF-8"?>
<collection xmlns:xsi="http://www.w3.org/2001/XMLSchema-instance" xsi:schemaLocation="http://www.loc.gov/MARC21/slim http://www.loc.gov/standards/marcxml/schema/MARC21slim.xsd" xmlns="http://www.loc.gov/MARC21/slim">
 <record>
  <leader>00000nam a22000008i 4500</leader>
  <controlfield tag="001">UP-8027295163992792904</controlfield>
  <controlfield tag="003">Buklod</controlfield>
  <controlfield tag="005">20240831100904.0</controlfield>
  <controlfield tag="006">m    |o  d |      </controlfield>
  <controlfield tag="007">ta</controlfield>
  <controlfield tag="008">240814s2022    nyua    r   b 001 0 eng d</controlfield>
  <datafield tag="020" ind1=" " ind2=" ">
   <subfield code="a">9780367480530</subfield>
  </datafield>
  <datafield tag="035" ind1=" " ind2=" ">
   <subfield code="a">22304654</subfield>
  </datafield>
  <datafield tag="037" ind1=" " ind2=" ">
   <subfield code="a">CHK-6375</subfield>
   <subfield code="b">NSGB Books Trading</subfield>
   <subfield code="c">Php5995.00</subfield>
  </datafield>
  <datafield tag="040" ind1=" " ind2=" ">
   <subfield code="a">DLC</subfield>
   <subfield code="e">rda</subfield>
   <subfield code="c">DCHK</subfield>
  </datafield>
  <datafield tag="041" ind1=" " ind2=" ">
   <subfield code="a">eng</subfield>
  </datafield>
  <datafield tag="090" ind1=" " ind2=" ">
   <subfield code="a">BF 295</subfield>
   <subfield code="b">C65 2022</subfield>
  </datafield>
  <datafield tag="100" ind1="1" ind2=" ">
   <subfield code="a">Coker, Cheryl A</subfield>
   <subfield code="e">author</subfield>
  </datafield>
  <datafield tag="245" ind1="1" ind2="0">
   <subfield code="a">Motor learning and control for practitioners</subfield>
   <subfield code="c">Cheryl A. Coker.</subfield>
  </datafield>
  <datafield tag="250" ind1=" " ind2=" ">
   <subfield code="a">Fifth Edition.</subfield>
  </datafield>
  <datafield tag="264" ind1=" " ind2="1">
   <subfield code="a">New York, NY</subfield>
   <subfield code="b">Routledge</subfield>
   <subfield code="c">©2022</subfield>
  </datafield>
  <datafield tag="300" ind1=" " ind2=" ">
   <subfield code="a">xv, 379 pages</subfield>
   <subfield code="b">illustrations</subfield>
   <subfield code="c">25 cm</subfield>
  </datafield>
  <datafield tag="336" ind1=" " ind2=" ">
   <subfield code="a">text</subfield>
   <subfield code="2">rdacontent</subfield>
  </datafield>
  <datafield tag="337" ind1=" " ind2=" ">
   <subfield code="a">unmediated</subfield>
   <subfield code="2">rdamedia</subfield>
  </datafield>
  <datafield tag="338" ind1=" " ind2=" ">
   <subfield code="a">volume</subfield>
   <subfield code="2">rdacarrier</subfield>
  </datafield>
  <datafield tag="504" ind1=" " ind2=" ">
   <subfield code="a">Includes bibliographical references and index</subfield>
  </datafield>
  <datafield tag="505" ind1="0" ind2="0">
   <subfield code="a">1. Introduction to motor learning and control -- 2. Understanding movement preparation -- 3. The role of attention, arousal, and visual search in movement preparation -- 4. Behavioral theories of motor control -- 5. Neural Mechanisms: contributions and control -- 6. Stages of learning -- 7. The learner: pre-instruction considerations -- 8. Skill presentation -- 9. Principles of practice design -- 10. Practice schedules -- 11. Diagnosing errors --12. Correcting errors -- Epilogue; teaching scenarios </subfield>
  </datafield>
  <datafield tag="520" ind1=" " ind2=" ">
   <subfield code="a">With an array of critical and engaging pedagogical features, the fifth edition of Motor Learning and Control for Practitioners offers the best practical introduction to motor learning available. This reader-friendly text approaches motor learning in accessible and simple terms and lays a theoretical foundation for assessing performance; providing effective instruction; and designing practice, rehabilitation, and training experiences that promote skill acquisition. Features such as Exploration Activities and Cerebral Challenges involve students at every stage, while a broad range of examples helps readers put theory into practice. The book also provides access to a fully updated companion website, which includes laboratory exercises, an instructors' manual, a test bank, and lecture slides. As a complete resource for teaching an evidence-based approach to practical motor learning, this is an essential text for undergrad and post-grad students, researchers and practitioners alike who plan to work in the areas of motor learning, motor control, physical education, kinesiology, exercise science, coaching, physical therapy, or dance</subfield>
   <subfield code="c">Provided by publisher.</subfield>
  </datafield>
  <datafield tag="650" ind1=" " ind2="0">
   <subfield code="a">Motor learning.</subfield>
  </datafield>
  <datafield tag="905" ind1=" " ind2=" ">
   <subfield code="a">FO</subfield>
  </datafield>
  <datafield tag="852" ind1="0" ind2=" ">
   <subfield code="a">UPD</subfield>
   <subfield code="b">DCHK</subfield>
   <subfield code="h">BF 295</subfield>
   <subfield code="i">C65 2022</subfield>
  </datafield>
  <datafield tag="942" ind1=" " ind2=" ">
   <subfield code="a">Book</subfield>
  </datafield>
 </record>
</collection>
